[Event "78th ch-RUS 2025"]
[Site "Moscow RUS"]
[Date "2025.10.01"]
[Round "1.1"]
[White "Zvjaginsev, Vadim"]
[Black "Vetokhin, Savva"]
[Result "1/2-1/2"]
[WhiteTitle "GM"]
[BlackTitle "GM"]
[WhiteElo "2528"]
[BlackElo "2569"]
[WhiteFideId "4113403"]
[BlackFideId "44144474"]
[EventDate "2025.10.01"]

1. g3 Nf6 2. Bg2 d5 3. Nf3 e6 4. O-O Be7 5. d3 O-O 6. Nbd2 Nc6 7. c3 a5 8. Qc2
e5 9. b3 Bc5 10. Nxe5 Nxe5 11. d4 Bd6 12. dxe5 Bxe5 13. Bb2 Bg4 14. Nf3 Re8 15.
Rad1 c6 16. h3 Bxf3 17. exf3 Nd7 18. Rfe1 Bf6 19. Bc1 a4 20. Rxe8+ Qxe8 21. Be3
axb3 22. axb3 Qe5 23. Rc1 Qd6 24. Rd1 Qe5 25. Rc1 Qd6 26. Rd1 Qe5 1/2-1/2

[Event "78th ch-RUS 2025"]
[Site "Moscow RUS"]
[Date "2025.10.01"]
[Round "1.2"]
[White "Ponkratov, Pavel"]
[Black "Malakhov, Vladimir"]
[Result "1/2-1/2"]
[WhiteTitle "GM"]
[BlackTitle "GM"]
[WhiteElo "2586"]
[BlackElo "2643"]
[WhiteFideId "4157800"]
[BlackFideId "4120787"]
[EventDate "2025.10.01"]

1. e4 e5 2. Nf3 Nc6 3. d4 exd4 4. Nxd4 Bc5 5. Nb3 Bb6 6. Nc3 d6 7. Bf4 Nf6 8.
Qd2 Ng4 9. Bg3 f5 10. f3 f4 11. Bxf4 Nf2 12. Rg1 Ng4 13. Rh1 Nf2 14. Rg1 Ng4 15.
Rh1 1/2-1/2

[Event "78th ch-RUS 2025"]
[Site "Moscow RUS"]
[Date "2025.10.01"]
[Round "1.3"]
[White "Zemlyanskii, Ivan"]
[Black "Uskov, Artem"]
[Result "0-1"]
[WhiteTitle "GM"]
[BlackTitle "GM"]
[WhiteElo "2596"]
[BlackElo "2498"]
[WhiteFideId "24249971"]
[BlackFideId "34254854"]
[EventDate "2025.10.01"]

1. e4 e5 2. Nf3 Nc6 3. Bb5 g6 4. d4 exd4 5. c3 a6 6. Bc4 Bg7 7. cxd4 b5 8. Bb3
Nge7 9. d5 Na5 10. Bd2 Nxb3 11. Qxb3 O-O 12. Bc3 Bxc3+ 13. Nxc3 d6 14. O-O c5
15. h3 f6 16. Nd2 g5 17. f4 Ng6 18. Ne2 Bd7 19. Qg3 Qe7 20. f5 Nh8 21. Nf4 Qe5
22. h4 Nf7 23. Kh2 Kh8 24. hxg5 Nxg5 25. Ne6 Qxg3+ 26. Kxg3 Rg8 27. Kf4 Nf7 28.
g4 Ne5 29. Rg1 Nd3+ 30. Ke3 Ne5 31. Kf4 Nd3+ 32. Ke3 Ne5 33. g5 fxg5 34. Nxg5
Raf8 35. Ndf3 Nc4+ 36. Kf4 Rg6 37. Rh1 h6 38. Nh3 Nxb2 39. Nf2 c4 40. Rh2 c3 41.
Nh4 Rg7 42. Ng2 Rg6 43. Ne3 Kg7 44. Rah1 Be8 45. Kf3 b4 46. Neg4 Nc4 47. Ke2
Rxg4 48. Nxg4 h5 49. f6+ Kh7 50. f7 Bb5 51. Rxh5+ Kg6 52. Kd1 Rxf7 53. R5h2 Rf4
54. Rg1 Kf7 55. Rh7+ Ke8 56. Kc1 Kd8 57. Nh6 Ne5 58. Nf5 Rf2 59. Nd4 Bd7 60. Kb1
Kc7 61. Rhg7 Rd2 62. Nc2 Kb6 63. R7g2 Nf3 64. Rxd2 cxd2 65. Rh1 Kc5 66. Kb2 Ba4
67. Rf1 Ne1 0-1

[Event "78th ch-RUS 2025"]
[Site "Moscow RUS"]
[Date "2025.10.01"]
[Round "1.4"]
[White "Nesterov, Arseniy"]
[Black "Iljiushenok, Ilia"]
[Result "1-0"]
[WhiteTitle "GM"]
[BlackTitle "GM"]
[WhiteElo "2584"]
[BlackElo "2514"]
[WhiteFideId "24198455"]
[BlackFideId "24105074"]
[EventDate "2025.10.01"]

1. d4 Nf6 2. c4 e6 3. Nf3 d5 4. Nc3 Bb4 5. Bg5 Nbd7 6. cxd5 exd5 7. Qc2 h6 8.
Bh4 c5 9. e3 c4 10. Be2 Qa5 11. Nd2 O-O 12. O-O Re8 13. Bf3 Re6 14. Bxd5 Bxc3
15. Bxe6 Bxd2 16. Bxc4 b5 17. Be2 Bb7 18. a3 Rc8 19. Qd1 Ne4 20. Bf3 Nb6 21. b4
Qa6 22. Bxe4 Bxe4 23. Qxd2 Rc2 24. Qe1 Bd3 25. Qd1 Rc3 26. Re1 Nc4 27. Bg3 Nb2
28. Qg4 f5 29. Qh5 Qc6 30. d5 Qxd5 31. Qe8+ Kh7 32. Be5 Rc6 33. Bxb2 Rg6 34. f3
Be4 35. fxe4 Qd2 36. Qxg6+ Kxg6 37. exf5+ 1-0

[Event "78th ch-RUS 2025"]
[Site "Moscow RUS"]
[Date "2025.10.01"]
[Round "1.5"]
[White "Dubov, Daniil"]
[Black "Lobanov, Sergei"]
[Result "1/2-1/2"]
[WhiteTitle "GM"]
[BlackTitle "GM"]
[WhiteElo "2684"]
[BlackElo "2526"]
[WhiteFideId "24126055"]
[BlackFideId "24183750"]
[EventDate "2025.10.01"]

1. Nf3 Nf6 2. g3 b5 3. Bg2 Bb7 4. O-O e6 5. d3 c5 6. e4 d6 7. Qe2 a6 8. Rd1 Nbd7
9. d4 Bxe4 10. Bg5 d5 11. Nc3 Be7 12. dxc5 Nxc5 13. Bxf6 Bxf6 14. Nxe4 Nxe4 15.
Nd4 Bxd4 16. Rxd4 Nf6 17. b3 O-O 18. c4 bxc4 19. bxc4 Qa5 20. cxd5 exd5 21. Rad1
Rfe8 22. Qd2 Qxd2 23. R4xd2 g6 24. Bxd5 Nxd5 25. Rxd5 Re6 26. Rd6 Rae8 27. Kg2
Kg7 28. h4 h5 29. R1d3 R8e7 30. Kf3 Kf6 31. a4 Rb7 32. R6d4 Rc7 33. Kg2 Ke7 34.
Kf3 Kf6 35. Kg2 Ke7 36. Kf3 Kf6 37. Kg2 Ke7 38. Kf3 Kf6 39. Kg2 Ke7 40. Kf3 Kf6
41. Kg2 1/2-1/2

[Event "78th ch-RUS 2025"]
[Site "Moscow RUS"]
[Date "2025.10.01"]
[Round "1.6"]
[White "Esipenko, Andrey"]
[Black "Artemiev, Vladislav"]
[Result "1/2-1/2"]
[WhiteTitle "GM"]
[BlackTitle "GM"]
[WhiteElo "2693"]
[BlackElo "2646"]
[WhiteFideId "24175439"]
[BlackFideId "24101605"]
[EventDate "2025.10.01"]

1. e4 e5 2. Nf3 Nc6 3. Bc4 Nf6 4. d3 Bc5 5. Bg5 h6 6. Bh4 d6 7. c3 a6 8. O-O Ba7
9. Nbd2 Qe7 10. b4 Be6 11. Rb1 Nb8 12. b5 Nbd7 13. bxa6 bxa6 14. Re1 O-O 15. d4
Rfe8 16. Bxe6 Qxe6 17. Qa4 Bb6 18. Bg3 Nh5 19. Nc4 Rab8 20. a3 a5 21. Qc6 exd4
22. cxd4 Nxg3 23. hxg3 Nf6 24. Nxb6 cxb6 25. d5 Qc8 26. Nd2 Qxc6 27. dxc6 Rec8
28. Rec1 b5 29. f3 Rb6 30. Nb3 Rbxc6 31. Rxc6 Rxc6 32. Nxa5 Rc3 33. Rb3 Rc1+ 34.
Kh2 d5 35. e5 Nd7 36. Rxb5 Nxe5 37. Rxd5 f6 38. Nb3 Rc2 39. Rd2 Rc3 40. Nd4 Rxa3
41. g4 1/2-1/2

[Event "78th ch-RUS 2025"]
[Site "Moscow RUS"]
[Date "2025.10.02"]
[Round "2.1"]
[White "Vetokhin, Savva"]
[Black "Artemiev, Vladislav"]
[Result "1/2-1/2"]
[WhiteTitle "GM"]
[BlackTitle "GM"]
[WhiteElo "2569"]
[BlackElo "2646"]
[WhiteFideId "44144474"]
[BlackFideId "24101605"]
[EventDate "2025.10.01"]

1. d4 d5 2. c4 e6 3. Nf3 Nf6 4. g3 Bb4+ 5. Nc3 dxc4 6. Bg2 Bd7 7. Ne5 Bc6 8.
Nxc6 Nxc6 9. O-O O-O 10. e3 Rb8 11. Qe2 Na5 12. Bd2 b5 13. Ne4 Bxd2 14. Qxd2 Nb7
15. Nxf6+ Qxf6 16. a4 c5 17. axb5 cxd4 18. Qb4 dxe3 19. Rxa7 Nd8 20. Qxc4 Qxb2
21. fxe3 Rxb5 22. Rd7 Qe5 23. Qd3 Rb8 24. Qd4 Qxd4 25. exd4 Rc8 26. d5 exd5 27.
Bxd5 g6 28. Rf2 Rb8 29. Kg2 Rb6 30. Re7 Rd6 31. Ba2 Kg7 32. Rc7 h6 33. h4 Rc6
34. Rd7 Rf6 35. g4 Rxf2+ 36. Kxf2 Nc6 37. g5 hxg5 38. hxg5 Ne5 39. Re7 Nd3+ 40.
Kg3 Nb4 41. Bb3 Nc6 42. Rd7 Ne5 43. Re7 Nd3 44. Bc4 Nb4 45. Rc7 Nc2 46. Bxf7
Rxf7 47. Rxc2 1/2-1/2

[Event "78th ch-RUS 2025"]
[Site "Moscow RUS"]
[Date "2025.10.02"]
[Round "2.2"]
[White "Lobanov, Sergei"]
[Black "Esipenko, Andrey"]
[Result "1/2-1/2"]
[WhiteTitle "GM"]
[BlackTitle "GM"]
[WhiteElo "2526"]
[BlackElo "2693"]
[WhiteFideId "24183750"]
[BlackFideId "24175439"]
[EventDate "2025.10.01"]

1. c4 e6 2. Nc3 d5 3. d4 Bb4 4. a3 Bxc3+ 5. bxc3 c5 6. e3 Nf6 7. cxd5 exd5 8.
Bd3 Bg4 9. Ne2 Nc6 10. f3 Bh5 11. Rb1 Qd7 12. O-O O-O 13. Nf4 Bg6 14. Bxg6 hxg6
15. Nd3 cxd4 16. cxd4 b6 17. Bd2 Rac8 18. a4 Rc7 19. Qb3 Rfc8 20. Rbc1 Qe6 21.
Nf4 Qd7 22. h3 g5 23. Ne2 Qe8 24. Qb5 Qe6 25. Qd3 Nd8 26. Rxc7 Rxc7 27. Rc1
Rxc1+ 28. Bxc1 Qc6 29. Nc3 Nb7 30. e4 dxe4 31. fxe4 Nd6 32. d5 Qe8 33. Bxg5
Nfxe4 34. Bf4 Nc5 35. Qd1 Qe7 36. Kh2 Qf6 37. Qf3 a6 38. Qe3 Nc4 39. Qe8+ Kh7
40. Ne2 Qf5 41. d6 Qd7 42. Qxd7 Nxd7 43. Nc3 Kg6 44. g4 f6 45. h4 Kf7 46. h5 Ke6
47. Kh3 Nc5 48. g5 fxg5 49. Bxg5 Kxd6 50. Kg4 Ke6 51. Bd8 Ne5+ 1/2-1/2

[Event "78th ch-RUS 2025"]
[Site "Moscow RUS"]
[Date "2025.10.02"]
[Round "2.3"]
[White "Iljiushenok, Ilia"]
[Black "Dubov, Daniil"]
[Result "1/2-1/2"]
[WhiteTitle "GM"]
[BlackTitle "GM"]
[WhiteElo "2514"]
[BlackElo "2684"]
[WhiteFideId "24105074"]
[BlackFideId "24126055"]
[EventDate "2025.10.01"]

1. d4 Nf6 2. c4 g6 3. Nc3 d5 4. Nf3 Bg7 5. h4 c6 6. cxd5 cxd5 7. Bf4 Nc6 8. e3
O-O 9. Ne5 Qb6 10. Qb3 Be6 11. Qxb6 axb6 12. f3 Nh5 13. Bh2 Bf6 14. Bb5 Nxe5 15.
Bxe5 Bxe5 16. dxe5 Ng3 17. Rg1 Nf5 18. Kf2 d4 19. exd4 Nxd4 20. Bd3 Rfd8 21.
Rgd1 Nc6 22. f4 f6 23. exf6 exf6 24. Be4 Kf7 25. a3 Na5 26. Rxd8 Rxd8 27. Rd1
Rc8 28. Re1 Nc4 29. Bxb7 Rc7 30. Bd5 Bxd5 31. Nxd5 Rd7 32. Ne3 Nxb2 33. Rb1 Nd3+
34. Kf3 Ra7 35. Rxb6 Rxa3 36. Rb7+ Kg8 37. Rb8+ Kf7 38. Rb7+ Kg8 39. Rb8+ Kf7
40. Rb7+ Kg8 1/2-1/2

[Event "78th ch-RUS 2025"]
[Site "Moscow RUS"]
[Date "2025.10.02"]
[Round "2.4"]
[White "Uskov, Artem"]
[Black "Nesterov, Arseniy"]
[Result "1/2-1/2"]
[WhiteTitle "GM"]
[BlackTitle "GM"]
[WhiteElo "2498"]
[BlackElo "2584"]
[WhiteFideId "34254854"]
[BlackFideId "24198455"]
[EventDate "2025.10.01"]

1. Nf3 d5 2. g3 c5 3. Bg2 Nc6 4. d4 e6 5. O-O cxd4 6. Nxd4 Bc5 7. Nxc6 bxc6 8.
c4 Nf6 9. Qc2 Qe7 10. Bg5 Rb8 11. Nd2 O-O 12. e4 h6 13. Bxf6 Qxf6 14. cxd5 Bd4
15. Nb3 cxd5 16. Nxd4 Qxd4 17. b3 dxe4 18. Rfd1 Qb6 19. Qxe4 Bb7 20. Qd4 Bxg2
21. Qxb6 Rxb6 22. Kxg2 a5 23. Rd4 Rb4 24. Rad1 g5 25. Kf3 Kg7 26. Rxb4 axb4 27.
Rd4 Ra8 28. Rxb4 Rxa2 29. h4 Rb2 30. hxg5 hxg5 31. Rb5 Kg6 32. Rb4 Kg7 33. Rb5
Kg6 34. Rb4 1/2-1/2

[Event "78th ch-RUS 2025"]
[Site "Moscow RUS"]
[Date "2025.10.02"]
[Round "2.5"]
[White "Malakhov, Vladimir"]
[Black "Zemlyanskii, Ivan"]
[Result "1-0"]
[WhiteTitle "GM"]
[BlackTitle "GM"]
[WhiteElo "2643"]
[BlackElo "2596"]
[WhiteFideId "4120787"]
[BlackFideId "24249971"]
[EventDate "2025.10.01"]

1. Nf3 Nf6 2. b3 d5 3. Bb2 c5 4. e3 e6 5. d4 cxd4 6. exd4 Nc6 7. Nbd2 g6 8. a3
Bg7 9. Bd3 O-O 10. O-O b6 11. Qe2 Bb7 12. Ne5 Rc8 13. Nxc6 Bxc6 14. Nf3 b5 15.
Ne5 Qc7 16. f3 a5 17. g4 b4 18. axb4 axb4 19. Ra6 Be8 20. Rfa1 Nd7 21. Ra7 Qd8
22. Qd2 Nb8 23. Rb7 Nc6 24. Ra6 Qh4 25. Nxc6 Bxc6 26. Rxb4 f5 27. Rbb6 Bd7 28.
Rb7 Bc6 29. Rbb6 Bd7 30. Ra7 Bc6 31. Qe2 Kh8 32. Ba6 Bb5 33. Rxb5 fxg4 34. Bxc8
gxf3 35. Qf2 Qg4+ 36. Kh1 Rxc8 37. Rc5 Rf8 38. Rcc7 Bf6 39. Rf7 1-0

[Event "78th ch-RUS 2025"]
[Site "Moscow RUS"]
[Date "2025.10.02"]
[Round "2.6"]
[White "Zvjaginsev, Vadim"]
[Black "Ponkratov, Pavel"]
[Result "1-0"]
[WhiteTitle "GM"]
[BlackTitle "GM"]
[WhiteElo "2528"]
[BlackElo "2586"]
[WhiteFideId "4113403"]
[BlackFideId "4157800"]
[EventDate "2025.10.01"]

1. e4 e5 2. Nf3 Nc6 3. Nc3 Nf6 4. d4 exd4 5. Nxd4 Bb4 6. Nxc6 bxc6 7. Bd3 d5 8.
exd5 O-O 9. O-O cxd5 10. h3 Rb8 11. a3 Be7 12. b3 Bb7 13. Re1 Nd7 14. Bf4 Bf6
15. Qd2 Nc5 16. Rad1 Ne6 17. Bg3 Qe7 18. Bf5 Rbd8 19. Nb5 Qc5 20. Qb4 Qc6 21.
Nxa7 Qa6 22. Nb5 c5 23. Qa4 Qb6 24. Bxe6 fxe6 25. Bc7 Qc6 26. Bxd8 Rxd8 27. Na7
Qb6 28. Qb5 Qxa7 29. Rxe6 Rf8 30. Re8 Qa6 31. Rxf8+ Kxf8 32. Qxa6 Bxa6 33. Rxd5
Be7 34. Rd7 Ke8 35. Ra7 Be2 36. c4 g5 37. a4 Kd8 38. a5 Bd3 39. f3 Bf6 40. a6
Kc8 41. Rb7 1-0

[Event "78th ch-RUS 2025"]
[Site "Moscow RUS"]
[Date "2025.10.03"]
[Round "3.1"]
[White "Ponkratov, Pavel"]
[Black "Vetokhin, Savva"]
[Result "1-0"]
[WhiteTitle "GM"]
[BlackTitle "GM"]
[WhiteElo "2586"]
[BlackElo "2569"]
[WhiteFideId "4157800"]
[BlackFideId "44144474"]
[EventDate "2025.10.01"]

1. e4 e5 2. Nf3 Nc6 3. Bb5 a6 4. Ba4 Nf6 5. O-O Be7 6. Re1 b5 7. Bb3 d6 8. c3
O-O 9. h3 Bb7 10. d4 Re8 11. Ng5 Rf8 12. Nf3 Re8 13. Nbd2 Bf8 14. a4 Na5 15. Bc2
exd4 16. cxd4 b4 17. b3 g6 18. Bb2 Bg7 19. Rb1 Rc8 20. h4 Qd7 21. Bd3 Nh5 22.
Nf1 Re7 23. d5 Bxb2 24. Rxb2 c6 25. dxc6 Rxc6 26. Rd2 Qc7 27. Ne3 Nf6 28. Bc2
Rb6 29. Rd4 Nxe4 30. Bxe4 Bxe4 31. Ng5 Bb7 32. Ng4 d5 33. Rxe7 Qxe7 34. Rf4 f5
35. Qd4 Qd6 36. Nh6+ Kf8 37. Rxf5+ 1-0

[Event "78th ch-RUS 2025"]
[Site "Moscow RUS"]
[Date "2025.10.03"]
[Round "3.2"]
[White "Zemlyanskii, Ivan"]
[Black "Zvjaginsev, Vadim"]
[Result "1/2-1/2"]
[WhiteTitle "GM"]
[BlackTitle "GM"]
[WhiteElo "2596"]
[BlackElo "2528"]
[WhiteFideId "24249971"]
[BlackFideId "4113403"]
[EventDate "2025.10.01"]

1. c4 c5 2. Nf3 Nc6 3. d4 cxd4 4. Nxd4 Nf6 5. Nc3 Qb6 6. Nb3 e6 7. g3 d5 8. cxd5
Nxd5 9. Bg2 Nxc3 10. bxc3 Be7 11. O-O O-O 12. Be3 Qc7 13. Nd4 Rd8 14. Qb3 Na5
15. Nb5 Qc4 16. Qxc4 Nxc4 17. Bxa7 Na3 18. Nxa3 Rxa7 19. Nc4 Bd7 20. Rfd1 Bb5
21. Rxd8+ Bxd8 22. Nd6 Bxe2 23. Nxb7 Bf6 24. a4 Bxc3 25. Ra2 Bb5 26. a5 g6 27.
Nd6 Bd3 28. Bf1 Bxf1 29. Kxf1 Rxa5 30. Rxa5 Bxa5 31. f4 Kf8 32. Ke2 Bc7 33. Ne4
Ke7 34. Kf3 f5 35. Nf2 Bb6 36. Nd3 Bd4 37. Ke2 Bg1 38. Ne5 Bb6 39. Nf3 Bc7 40.
Ke3 Kf6 41. h3 h6 42. h4 Ke7 43. Kd3 Kd7 44. Ke3 Ke7 45. Kd3 Ba5 46. Ke2 Bc3 47.
Kd3 Bf6 48. Ke3 Kd6 49. Ke2 Kd5 50. Ke3 Bg7 51. Ke2 Bd4 52. Nd2 Bc3 53. Nb3 Bb2
54. Nd2 Bc1 55. Nb3 Ba3 56. Nd2 Bb4 57. Nf3 Ke4 58. Ne5 g5 59. hxg5 hxg5 60. Nd3
gxf4 61. Nxf4 e5 62. Nd3 Be7 63. Nf2+ Kd4 64. g4 1/2-1/2

[Event "78th ch-RUS 2025"]
[Site "Moscow RUS"]
[Date "2025.10.03"]
[Round "3.3"]
[White "Nesterov, Arseniy"]
[Black "Malakhov, Vladimir"]
[Result "1/2-1/2"]
[WhiteTitle "GM"]
[BlackTitle "GM"]
[WhiteElo "2584"]
[BlackElo "2643"]
[WhiteFideId "24198455"]
[BlackFideId "4120787"]
[EventDate "2025.10.01"]

1. d4 d5 2. c4 c6 3. Nf3 Nf6 4. g3 g6 5. Bg2 Bg7 6. cxd5 cxd5 7. Nc3 O-O 8. Ne5
Nc6 9. O-O Ne4 10. Nxc6 bxc6 11. Nxe4 dxe4 12. Be3 Rb8 13. Rb1 Be6 14. Bxe4 Bxa2
15. Ra1 Bd5 16. Bxd5 cxd5 17. Rxa7 Rxb2 18. Qd3 e6 19. Bc1 Qb8 20. Bxb2 Qxa7 21.
e3 Rc8 22. Ra1 Qb7 23. Qa6 Qxa6 24. Rxa6 Bf8 25. Ba3 Bxa3 26. Rxa3 Kg7 27. Kg2
h5 28. h4 Rc2 29. Ra7 Rb2 30. Rc7 Kg8 31. Rc8+ Kg7 32. Rc7 Kg8 33. Rc8+ Kg7 1/2-1/2

[Event "78th ch-RUS 2025"]
[Site "Moscow RUS"]
[Date "2025.10.03"]
[Round "3.4"]
[White "Dubov, Daniil"]
[Black "Uskov, Artem"]
[Result "1-0"]
[WhiteTitle "GM"]
[BlackTitle "GM"]
[WhiteElo "2684"]
[BlackElo "2498"]
[WhiteFideId "24126055"]
[BlackFideId "34254854"]
[EventDate "2025.10.01"]

1. Nf3 Nf6 2. b3 d5 3. Bb2 Bf5 4. g3 h6 5. Bg2 e6 6. O-O Be7 7. d3 O-O 8. Nbd2
c6 9. Re1 a5 10. a3 Nbd7 11. e4 Bh7 12. Qe2 Qc7 13. e5 Ne8 14. a4 Rb8 15. Rec1
Qb6 16. Nf1 Qd8 17. Nd4 Bc5 18. Kh1 Qb6 19. Nf3 Qd8 20. Ne3 Nc7 21. h4 Be7 22.
Rf1 Ra8 23. Bh3 f5 24. exf6 Bxf6 25. Bxf6 Qxf6 26. Nh2 Qe7 27. f4 e5 28. fxe5
Nxe5 29. Nf5 Bxf5 30. Bxf5 Rae8 31. Rae1 Qd6 32. d4 Nd7 33. Qg4 Rxe1 34. Rxe1
Rf7 35. Qg6 Qxg6 36. Bxg6 Rf6 37. Bd3 Re6 38. Rb1 c5 39. Bf5 Re7 40. Nf3 b6 41.
Kg2 Nf6 42. dxc5 bxc5 43. Re1 Rxe1 44. Nxe1 Kf8 45. Nd3 c4 46. Nc5 Ke7 47. Nb7
cxb3 48. cxb3 Na6 49. Kf3 Nb4 50. Nxa5 Kd6 51. Nb7+ Ke5 52. Bg6 Kd4 53. Ke2 Kc3
54. a5 Kxb3 55. Bd3 Nc6 56. a6 Nd7 57. Bg6 Ndb8 58. Na5+ Kb4 59. Nxc6+ Nxc6 60.
Be8 Na7 61. Kd3 Kc5 62. h5 Nc8 63. Bd7 Na7 64. g4 Kd6 65. Bf5 Nc6 66. Ke3 Ke5
67. Bd7 Na7 68. Kd3 Kd6 69. Be8 Nc8 70. Kd4 Na7 71. Ba4 Nc8 72. Bb3 Ne7 73. Kc3
Kc7 74. a7 Kb7 75. Kd4 Kxa7 76. Ke5 g6 77. g5 gxh5 78. gxh6 h4 79. h7 h3 80. Kf6 1-0

[Event "78th ch-RUS 2025"]
[Site "Moscow RUS"]
[Date "2025.10.03"]
[Round "3.5"]
[White "Esipenko, Andrey"]
[Black "Iljiushenok, Ilia"]
[Result "1/2-1/2"]
[WhiteTitle "GM"]
[BlackTitle "GM"]
[WhiteElo "2693"]
[BlackElo "2514"]
[WhiteFideId "24175439"]
[BlackFideId "24105074"]
[EventDate "2025.10.01"]

1. e4 e5 2. Nf3 Nf6 3. Nxe5 d6 4. Nf3 Nxe4 5. Nc3 Nxc3 6. dxc3 Be7 7. Be3 O-O 8.
Qd2 Nd7 9. O-O-O c6 10. h4 Nf6 11. Bd3 d5 12. Ng5 b5 13. f3 c5 14. g4 Rb8 15. b4
Qb6 16. Rde1 Bd7 17. Bd4 cxd4 18. Rxe7 dxc3 19. Qxc3 Rbc8 20. Qd2 h6 21. Nh3 Ne4
22. Bxe4 Qf6 23. Kb1 Qxe7 24. Bd3 d4 25. Nf4 Qe3 26. Qh2 Rc4 27. a3 a5 28. g5 h5
29. Qg3 Qe5 30. Re1 Qd6 31. Bxc4 bxc4 32. Nxh5 Qxg3 33. Nxg3 axb4 34. axb4 Rb8
35. Re4 Rxb4+ 36. Kc1 c3 37. Ne2 Ra4 38. Kb1 Rb4+ 39. Kc1 Ra4 40. Kb1 Rb4+ 1/2-1/2

[Event "78th ch-RUS 2025"]
[Site "Moscow RUS"]
[Date "2025.10.03"]
[Round "3.6"]
[White "Artemiev, Vladislav"]
[Black "Lobanov, Sergei"]
[Result "1-0"]
[WhiteTitle "GM"]
[BlackTitle "GM"]
[WhiteElo "2646"]
[BlackElo "2526"]
[WhiteFideId "24101605"]
[BlackFideId "24183750"]
[EventDate "2025.10.01"]

1. d4 d5 2. c4 e6 3. Nf3 Nf6 4. Nc3 Bb4 5. Qa4+ Nc6 6. e3 O-O 7. Qc2 Ne7 8. Bd2
b6 9. a3 Bxc3 10. Bxc3 a5 11. Bd3 Ba6 12. Qe2 Bxc4 13. Bxc4 dxc4 14. Qxc4 Rc8
15. O-O Qd5 16. Qe2 Ne4 17. Rac1 Rfd8 18. h3 h6 19. Rc2 c5 20. Rfc1 Nxc3 21.
Rxc3 cxd4 22. Nxd4 Rxc3 23. Rxc3 Nf5 24. Nf3 b5 25. Rc1 a4 26. Qc2 Ne7 27. Qe2
Nc6 28. Rc2 Rb8 29. Qd2 Qxd2 30. Nxd2 Ne5 31. Kf1 Kf8 32. Ke2 Ke7 33. f4 Nd7 34.
g4 f5 35. Nf3 g6 36. Rc6 Rb6 37. Rc7 Kd6 38. Ra7 e5 39. gxf5 gxf5 40. Nh4 Nc5
41. Nxf5+ Kd5 42. Re7 exf4 43. exf4 Kc4 44. Rc7 Re6+ 45. Kf3 b4 46. Ne3+ Kd3 47.
Ng4 Kd4 48. axb4 Na6 49. Rd7+ Kc4 50. f5 1-0

[Event "78th ch-RUS 2025"]
[Site "Moscow RUS"]
[Date "2025.10.04"]
[Round "4.1"]
[White "Vetokhin, Savva"]
[Black "Lobanov, Sergei"]
[Result "1/2-1/2"]
[WhiteTitle "GM"]
[BlackTitle "GM"]
[WhiteElo "2569"]
[BlackElo "2526"]
[WhiteFideId "44144474"]
[BlackFideId "24183750"]
[EventDate "2025.10.01"]

1. d4 d5 2. c4 e6 3. Nf3 Nf6 4. g3 Bb4+ 5. Nbd2 a5 6. Bg2 a4 7. O-O Nc6 8. c5
O-O 9. Nb1 b5 10. cxb6 cxb6 11. a3 Be7 12. Nc3 Bd7 13. Ne5 Be8 14. Bf4 Nh5 15.
Be3 Nf6 16. Bf4 Nh5 17. Nxc6 Bxc6 18. Be5 f6 19. e3 Be8 20. Bf3 fxe5 21. Bxh5
exd4 22. exd4 Bxh5 23. Qxh5 Bf6 24. Rad1 Rc8 25. Rd3 Rc4 26. Rfd1 Qd7 27. Ne2
Qf7 28. Qf3 Bg5 29. Qxf7+ Kxf7 30. b3 Rc2 31. Kf1 Ra8 32. bxa4 Rxa4 33. Rb1 Bd8
34. Rf3+ Ke7 35. h4 Bc7 36. Re3 Kd7 37. Rf3 Ke7 38. Re3 Kd7 39. Rf3 Ke7 40. Re3
Kd7 41. Rf3 Ke7 1/2-1/2

[Event "78th ch-RUS 2025"]
[Site "Moscow RUS"]
[Date "2025.10.04"]
[Round "4.2"]
[White "Iljiushenok, Ilia"]
[Black "Artemiev, Vladislav"]
[Result "1/2-1/2"]
[WhiteTitle "GM"]
[BlackTitle "GM"]
[WhiteElo "2514"]
[BlackElo "2646"]
[WhiteFideId "24105074"]
[BlackFideId "24101605"]
[EventDate "2025.10.01"]

1. d4 d5 2. c4 e6 3. Nc3 Nf6 4. cxd5 exd5 5. Bg5 c6 6. Qc2 Be7 7. e3 Nbd7 8. h3
Ne4 9. Bxe7 Qxe7 10. Bd3 Ndf6 11. Bxe4 Nxe4 12. Nxe4 dxe4 13. Ne2 Be6 14. O-O f5
15. b3 O-O 16. Qc5 Qxc5 17. dxc5 Rad8 18. Rfd1 Kf7 19. h4 Kf6 20. Rd4 Rxd4 21.
Nxd4 Bf7 22. g3 h6 23. Kg2 a5 24. Rb1 Ra8 25. a3 Bd5 26. Rc1 g6 27. Kf1 Bf7 28.
Ke2 Ke5 29. Kd2 Bd5 30. Ke2 Rd8 31. Rd1 Kf6 32. Rc1 Bf7 33. Rb1 Ke5 34. Rc1 Bg8
35. Rd1 Bd5 36. Rc1 Bf7 37. Rd1 Bd5 38. Rc1 Bf7 39. Rd1 Bd5 40. Rc1 Bf7 1/2-1/2

[Event "78th ch-RUS 2025"]
[Site "Moscow RUS"]
[Date "2025.10.04"]
[Round "4.3"]
[White "Uskov, Artem"]
[Black "Esipenko, Andrey"]
[Result "1/2-1/2"]
[WhiteTitle "GM"]
[BlackTitle "GM"]
[WhiteElo "2498"]
[BlackElo "2693"]
[WhiteFideId "34254854"]
[BlackFideId "24175439"]
[EventDate "2025.10.01"]

1. c4 e6 2. g3 d5 3. Bg2 Nf6 4. Nf3 Bd6 5. O-O O-O 6. d4 Nc6 7. cxd5 exd5 8. Nc3
h6 9. Nb5 Bf5 10. Nxd6 cxd6 11. Bd2 b5 12. Bf4 a5 13. Rc1 Qd7 14. h3 Rac8 15. g4
Be4 16. Bg3 h5 17. g5 Nh7 18. h4 Rfe8 19. Kh2 Ne7 20. Qd2 b4 21. a3 Rb8 22. Bh3
Bf5 23. Bg2 Nf8 24. Ne1 Ne6 25. f3 Red8 26. e4 Bg6 27. Nc2 bxa3 28. bxa3 Qa4 29.
Ne3 Qxa3 30. exd5 Rb2 31. Qe1 Rxg2+ 32. Nxg2 Nxd5 33. Ra1 Qb4 34. Rxa5 Qb7 35.
Qe2 Ra8 36. Rfa1 Rxa5 37. Rxa5 Nxd4 38. Qd1 Nb5 39. Qb3 Ndc7 40. Nf4 1/2-1/2

[Event "78th ch-RUS 2025"]
[Site "Moscow RUS"]
[Date "2025.10.04"]
[Round "4.4"]
[White "Malakhov, Vladimir"]
[Black "Dubov, Daniil"]
[Result "1/2-1/2"]
[WhiteTitle "GM"]
[BlackTitle "GM"]
[WhiteElo "2643"]
[BlackElo "2684"]
[WhiteFideId "4120787"]
[BlackFideId "24126055"]
[EventDate "2025.10.01"]

1. Nf3 g6 2. d4 Nf6 3. g3 Bg7 4. Bg2 O-O 5. c4 c6 6. Nc3 d5 7. cxd5 cxd5 8. Ne5
Ne4 9. O-O Nxc3 10. bxc3 Nc6 11. Nxc6 bxc6 12. Qa4 Qb6 13. Ba3 Qa6 14. Qxa6 Bxa6
15. Rfb1 Rfb8 16. Bxe7 Bxe2 17. Bd6 Rxb1+ 18. Rxb1 Bb5 19. Bf1 a6 20. a4 Bxa4
21. Bxa6 Bf8 22. Bxf8 Kxf8 23. Bd3 Rc8 24. Ba6 Ra8 25. Bd3 Rc8 26. Ba6 Ra8 1/2-1/2

[Event "78th ch-RUS 2025"]
[Site "Moscow RUS"]
[Date "2025.10.04"]
[Round "4.5"]
[White "Zvjaginsev, Vadim"]
[Black "Nesterov, Arseniy"]
[Result "1/2-1/2"]
[WhiteTitle "GM"]
[BlackTitle "GM"]
[WhiteElo "2528"]
[BlackElo "2584"]
[WhiteFideId "4113403"]
[BlackFideId "24198455"]
[EventDate "2025.10.01"]

1. e4 e6 2. d4 d5 3. exd5 exd5 4. Nf3 Nf6 5. Bd3 Bd6 6. O-O O-O 7. Bg5 Bg4 8.
Nbd2 Nbd7 9. c3 c6 10. Qc2 Qc7 11. Bh4 Rfe8 12. Rae1 Bh5 13. Bg3 Bxg3 14. hxg3
Bg6 15. Bxg6 hxg6 16. Ng5 Nh7 17. Ngf3 Nhf6 18. Ng5 Nh7 19. Ngf3 1/2-1/2